000 00238nam a22000857a 4500
008 161215b xxu||||| |||| 00| 0 eng d
100 _92072
_aGarg , P.K
245 _aPractice exccercise in mathematics part - 5
260 _aNEW DELHI
_bNCERT
_c2007
999 _c4945
_d4945